书目信息 |
| 题名: |
高分子化学学习指导
|
|
| 作者: | 何旭敏 , 董炎明 编著 | |
| 分册: | ||
| 出版信息: | 北京 科学出版社 2007.10 |
|
| 页数: | 363页 | |
| 开本: | 24cm | |
| 丛书名: | 科学版学习指导系列 | |
| 单 册: | ||
| 中图分类: | O63 | |
| 科图分类: | ||
| 主题词: | 高分子化学--gao fen zi hua xue--高等学校--教学参考资料 | |
| 电子资源: | ||
| ISBN: | 978-7-03-019989-8 | |
| 000 | 00976nam 2200265 450 | |
| 001 | 012007021003 | |
| 005 | 20171206100837.92 | |
| 010 | @a978-7-03-019989-8@dCNY32.00 | |
| 100 | @a20071201d2007 km y0chiy0120 ea | |
| 101 | 0 | @achi |
| 102 | @aCN@b110000 | |
| 105 | @ay a 000yy | |
| 200 | 1 | @a高分子化学学习指导@Agao fen zi hua xue xue xi zhi dao@f何旭敏, 董炎明编著@Fhe xu min,dong yan ming bian zhu |
| 210 | @a北京@c科学出版社@d2007.10 | |
| 215 | @a363页@d24cm | |
| 225 | 2 | @a科学版学习指导系列@Ake xue ban xue xi zhi dao xi lie |
| 320 | @a有书目 (第355页) | |
| 330 | @a全书共8章,内容包括绪论,自由基聚合,自由基共聚合,离子聚合和配位聚合,逐步聚合反应,聚合方法和聚合物化学反应等。 | |
| 410 | 0 | @12001 @a科学版学习指导系列 |
| 606 | 0 | @a高分子化学@Agao fen zi hua xue@x高等学校@j教学参考资料 |
| 690 | @aO63@v4 | |
| 701 | 0 | @a何旭敏@Ahe xu min@4编著 |
| 701 | 0 | @a董炎明@Adong yan ming@4编著 |
| 801 | 0 | @aCN@bQSSK@c20071201 |
| 905 | @b268612-14@dO63@eH214@f3 | |
| 高分子化学学习指导/何旭敏, 董炎明编著.-北京:科学出版社,2007.10 |
| 363页;24cm.-(科学版学习指导系列) |
| ISBN 978-7-03-019989-8:CNY32.00 |
| 全书共8章,内容包括绪论,自由基聚合,自由基共聚合,离子聚合和配位聚合,逐步聚合反应,聚合方法和聚合物化学反应等。 |
| ● |
| 相关链接 |
|
|
|
正题名:高分子化学学习指导
索取号:O63/H214
 
预约/预借
| 序号 | 登录号 | 条形码 | 馆藏地/架位号 | 状态 | 备注 |
| 1 | 1237030 | 212370307 | 自科库401/401自科库 63排7列5层/ [索取号:O63/H214] | 在馆 | |
| 2 | 268612 | 202686129 | 自科库401/401自科库 63排7列5层/ [索取号:O63/H214] | 在馆 | |
| 3 | 268613 | 202686138 | 自科库401/401自科库 63排7列5层/ [索取号:O63/H214] | 在馆 | |
| 4 | 268614 | 202686147 | 自科库401/401自科库 62排5列1层/ [索取号:O63/H214] | 在馆 |